20 biggest cities in Moldova - Statistics

General Stats
  • This quiz has been taken 236 times
  • The average score is 9 of 20
Answer Stats
Inhabitants City % Correct
644,20 Chisinau
100%
129,500 Tiraspol
90%
102,457 Balti
84%
91,000 Bender
67%
30,018 Cahul
64%
21,065 Orhei
61%
22,196 Soroca
57%
30,804 Ungheni
53%
20,113 Comrat
52%
46,000 Ribnita
43%
15,520 Edinet
40%
25,700 Dubasari
39%
12,491 Hincesti
36%
12,515 Ialoveni
33%
15,939 Causeni
28%
13,150 Drochia
25%
18,376 Straseni
23%
16,605 Ceadir-Lunga
20%
17,210 Durlesti
16%
15,934 Codru
13%
No matching quizzes found
Score Distribution
Percent of People with Each Score
Percentile by Number Answered
Your Score History
You have not taken this quiz